Happiest countries - Statistics

General Stats
  • This quiz has been taken 70 times
  • The average score is 11 of 15
Answer Stats
Country % Correct
Finland
99%
Sweden
97%
Denmark
96%
Norway
96%
Iceland
90%
United Kingdom
85%
Canada
81%
Netherlands
79%
Australia
78%
Switzerland
78%
New Zealand
76%
Austria
72%
Luxembourg
66%
Israel
34%
Costa Rica
22%
No matching quizzes found
Score Distribution
Percent of People with Each Score
Percentile by Number Answered
Your Score History
You have not taken this quiz